| Поле | Название | Значение |
| |
Тип записи |
i |
| |
Библиографический уровень |
m |
| 001 |
Контрольный номер |
RU/IS/BASE/395753163 |
| 005 |
Дата корректировки |
20201206204832.6 |
| 010 |
Индекс ISBN |
__ |
| d |
Цена |
393-53 |
| 101 |
Язык документа |
1_ |
| a |
Язык текста |
rus |
| c |
Язык оригинала |
fre |
| 200 |
Заглавие и сведения об ответственности |
1_ |
| a |
Заглавие |
Красное и черное |
| e |
Сведения, относящиеся к заглавию |
аудиокнига |
| f |
Первые сведения об ответственности |
Стендаль ; [исполн.: Вячеслав Герасимов] |
| b |
Общее обозначение материала |
Звукозапись |
| 210 |
Выходные данные |
__ |
| a |
Место издания |
М. |
| c |
Издательство |
Медиакнига |
| d |
Дата издания |
2011 |
| 215 |
Физическое описание |
__ |
| a |
Объем |
2 электрон. опт. диска (Audio CD) (21 ч. 37 мин.) |
| 225 |
Серия |
__ |
| a |
Серия |
Аудиокнига |
| 300 |
Общие примечания |
__ |
| a |
Общие примечания |
128 kbps ; 44.1 kHz ; CD-MP3 |
| 323 |
Примечание о главных создателях, исполнителях, участниках |
__ |
| a |
Примечание о главных создателях, исполнителях, участниках |
Герасимов, В. (читает) |
| 330 |
Аннотация |
__ |
| a |
Аннотация |
Роман "Красное и черное" - произведение о человеке с большими амбициями, который мечтает о славе Наполеона. В своей карьере, Жюльен всегда пользовался холодным расчетом, логическим мышлением, но в где то в глубине души всегда был в противоречии с самим собой, шла борьба между честью и честолюбием. Но всем этим мечтам и грезам так и не суждено было свершиться... |
| 333 |
Примечание о целевом назначении |
__ |
| a |
Примечание о целевом назначении |
16+. Для детей старше 16 лет |
| 606 |
Тематические рубрики |
__ |
| a |
Основная рубрика |
Художественная литература |
| 606 |
Тематические рубрики |
__ |
| a |
Основная рубрика |
Литература Европы (произведения) |
| 610 |
Ключевые слова |
__ |
| a |
Ключевые слова |
французская литература; зарубежная литература; иностранная литература; романы; тема социального неравенства; тема аристократии; тема буржуазии; тема стяжательства; тема власти; тема противоречий; тема испытаний; тема любви; тема внутреннего конфликта |
| 686 |
Индексы других классификаций |
__ |
| a |
Классификационный индекс |
84(4Фра)-4я04 |
| 700 |
Автор |
_0 |
| a |
Фамилия |
Стендаль |
| c |
Титул (звания) |
Бейль, А. М. |
| 4 |
Код отношения |
070 |
| 801 |
Источник записи |
_0 |
| a |
Страна |
RU |
| b |
Организация |
Муниципальное бюджетное учреждение культуры "Централизованная библиотечная система" г. Сургут (Центральная городская библиотека им. А. С. Пушкина) |
| g |
Правила каталогизации |
КиК/Лукашук |
| 801 |
Источник записи |
_1 |
| a |
Страна |
RU |
| b |
Организация |
Муниципальное бюджетное учреждение культуры "Централизованная библиотечная система" г. Сургут (Центральная городская библиотека им. А. С. Пушкина) |
| g |
Правила каталогизации |
КиК/Лукашук |
| 852 |
Данные о местонахождении |
__ |
| j |
Шифр хранения |
84(4Фра)-4я04 |
| i |
Авторский знак |
С 79 |
| 901 |
Тип документа |
__ |
| t |
Тип документа |
0 |
| 903 |
Характеристики (МАРС) |
__ |
| a |
Дата передачи |
20120716 |
| 969 |
Тип издания |
__ |
| a |
Тип издания |
аудиокнига |
| 990 |
Данные о заказе (DOS) |
__ |
| j |
Количество экземпляров (DOS) |
3 |
| t |
N записи в КСУ для И/У (DOS) |
201207 |